[Event "AUT-chT2W 1617"]
[Site "Austria"]
[Date "2016.11.27"]
[Round "6.4"]
[White "Barthelmann, Benno"]
[Black "Roth, Peter"]
[Result "1-0"]
[WhiteElo "2097"]
[BlackElo "2128"]
[PlyCount "109"]
[EventDate "2016.10.28"]
[EventType "team-tourn"]
[EventRounds "11"]
[EventCountry "AUT"]
[SourceTitle "CBM 177 Extra"]
[Source "ChessBase"]
[SourceDate "2017.04.27"]
[SourceVersion "1"]
[SourceVersionDate "2017.04.27"]
[SourceQuality "1"]
[WhiteTeam "Bregenz II"]
[BlackTeam "Salzburg ASK"]
[WhiteTeamCountry "AUT"]
[BlackTeamCountry "AUT"]

1. c4 g6 2. g3 Bg7 3. Bg2 e5 4. Nc3 d6 5. Nf3 Nf6 6. 0-0 0-0 7. d3 Nc6 8. Rb1 a5 9. a3 Ng4 10. b4 axb4 11. axb4 f5 12. Bd2 Ne7 13. Qb3 Kh8 14. e3 h6 15. Ra1 Rxa1 16. Rxa1 Be6 17. Ra7 Qb8 18. Ra3 c6 19. b5 Nf6 20. h3 Qc8 21. bxc6 bxc6 22. Ra7 Nfg8 23. Kh2 g5 24. Qb4 Qb8 25. Rb7 Qc8 26. Qb6 Qd8 27. Ne1 Qxb6 28. Rxb6 Rc8 29. Nc2 Nf6 30. Rb7 Nd7 31. d4 e4 32. Bf1 Rb8 33. Rxb8+ Nxb8 34. Na4 Kg8 35. Ba5 d5 36. c5 Kf7 37. Bc7 Nd7 38. Nb4 Nf6 39. Bd6 Nfg8 40. Ba6 Bd7 41. Nb6 Be8 42. Bb7 Ke6 43. Na8 Bd7 44. Nc7+ Kf7 45. Nca6 Bc8 46. Bxc8 Nxc8 47. Bc7 Nge7 48. Nb8 Ke6 49. Ba5 f4 50. g4 Na7 51. Bb6 Nb5 52. N8xc6 fxe3 53. fxe3 Nxc6 54. Nxc6 Kd7 55. Nb4 1-0

[Event "Forchheim op 9th"]
[Site "Forchheim"]
[Date "2010.10.03"]
[Round "4"]
[White "Loehr, Markus"]
[Black "Barthelmann, Benno"]
[Result "1-0"]
[WhiteElo "2256"]
[BlackElo "2101"]
[PlyCount "117"]
[EventDate "2010.10.01"]
[EventType "swiss"]
[EventRounds "5"]
[EventCountry "GER"]
[SourceTitle "CBM 138 Extra"]
[Source "ChessBase"]
[SourceDate "2010.10.29"]
[SourceVersion "1"]
[SourceVersionDate "2010.10.29"]
[SourceQuality "1"]

1. d4 f5 2. g3 Nf6 3. Bg2 g6 4. Nf3 Bg7 5. 0-0 0-0 6. b4 d6 7. Bb2 c6 8. c4 e5 9. dxe5 Ng4 10. Qb3 Nxe5 11. c5+ Kh8 12. Rd1 Nxf3+ 13. Bxf3 d5 14. Bxg7+ Kxg7 15. Nd2 Nd7 16. Qb2+ Qf6 17. Qxf6+ Nxf6 18. Nb3 Bd7 19. e3 Ne4 20. Rac1 Rf6 21. a4 a6 22. Rc2 h5 23. h4 Kh6 24. Kg2 g5 25. hxg5+ Nxg5 26. Nd4 f4 27. exf4 Nxf3 28. Nxf3 Bf5 29. Rc3 Be4 30. Kf1 Rd8 31. Ng5 Bf5 32. Re3 d4 33. Re7 Kg6 34. Nf3 d3 35. Ne5+ Kh6 36. Nf7+ Rxf7 37. Rxf7 Bg4 38. Rd2 Rd4 39. Rf6+ Kg7 40. Rd6 Be2+ 41. Rxe2 dxe2+ 42. Kxe2 Rxb4 43. Ke3 a5 44. Rd4 Rb1 45. Re4 Kf6 46. Re5 Rb4 47. Rxh5 Rxa4 48. g4 Rb4 49. Rh6+ Kg7 50. g5 Rc4 51. f5 Rxc5 52. Ke4 Rd5 53. f4 a4 54. f6+ Kg8 55. g6 Rd8 56. Kf5 Rf8 57. f7+ Rxf7+ 58. gxf7+ Kxf7 59. Rh7+ 1-0

[Event "Forchheim op 9th"]
[Site "Forchheim"]
[Date "2010.10.02"]
[Round "2"]
[White "Baskin, Robert"]
[Black "Barthelmann, Benno"]
[Result "0-1"]
[WhiteElo "1870"]
[BlackElo "2101"]
[PlyCount "96"]
[EventDate "2010.10.01"]
[EventType "swiss"]
[EventRounds "5"]
[EventCountry "GER"]
[SourceTitle "CBM 138 Extra"]
[Source "ChessBase"]
[SourceDate "2010.10.29"]
[SourceVersion "1"]
[SourceVersionDate "2010.10.29"]
[SourceQuality "1"]

1. e4 e6 2. d4 d5 3. Nc3 Bb4 4. Nge2 b6 5. a3 Bf8 6. Ng3 c6 7. Bd3 Ba6 8. 0-0 h5 9. Re1 h4 10. Nf1 dxe4 11. Bxe4 Nf6 12. Bf3 Be7 13. Bg5 Nd5 14. Bxe7 Kxe7 15. Nxd5+ cxd5 16. Ne3 Kf8 17. c4 h3 18. g3 Bb7 19. cxd5 exd5 20. Qb3 Na6 21. Bxd5 Bxd5 22. Qxd5 Qxd5 23. Nxd5 Rd8 24. Rac1 g6 25. Re5 Kg7 26. Rd1 Rd7 27. Nc3 Rhd8 28. d5 Nc7 29. Kf1 f6 30. Re4 b5 31. Red4 a5 32. d6 Ne6 33. Rd5 b4 34. Nb5 Ng5 35. Nd4 Kf7 36. Nc6 Re8 37. Rxa5 Nf3 38. Ra7 Nxh2+ 39. Kg1 Nf3+ 40. Kh1 Ke6 41. Nd4+ Nxd4 42. Re1+ Kf5 43. Ra5+ Re5 44. axb4 Rxd6 45. Rexe5+ fxe5 46. Ra3 g5 47. Re3 g4 48. b3 Nf3 0-1

[Event "AUT-chT 9596"]
[Site "Vorarlberg"]
[Date "1996.??.??"]
[Round "2"]
[White "Barthelmann, Benno"]
[Black "Gaertner, Guntram"]
[Result "0-1"]
[WhiteElo "1985"]
[BlackElo "2350"]
[PlyCount "134"]
[EventDate "1995.??.??"]
[EventType "team"]
[EventRounds "9"]
[EventCountry "AUT"]
[SourceTitle "EXT 1999"]
[Source "ChessBase"]
[SourceDate "1998.11.16"]
[SourceVersion "1"]
[SourceVersionDate "1998.11.16"]
[SourceQuality "1"]

1. c4 c6 2. d4 d5 3. Nc3 Nf6 4. g3 dxc4 5. Bg2 e5 6. Nf3 exd4 7. Nxd4 Bc5 8. e3 0-0 9. 0-0 Nbd7 10. Qe2 Ne5 11. Rd1 Nd3 12. Ne4 Bxd4 13. exd4 Qxd4 14. Be3 Qxb2 15. Qxb2 Nxb2 16. Nxf6+ gxf6 17. Rd6 Nd3 18. Bd4 Re8 19. Bxf6 Bf5 20. Rd4 Re6 21. Bg5 Rae8 22. g4 Be4 23. Rxc4 Bxg2 24. Kxg2 Re2 25. Bh4 c5 26. Rc3 Nf4+ 27. Kf3 Ng6 28. Bf6 b6 29. a4 R2e4 30. Bg5 Rb4 31. h3 f6 32. Bh6 Ne5+ 33. Kg3 Nf7 34. Be3 Nd6 35. Rd3 Nc4 36. Bh6 Kf7 37. Rd7+ Re7 38. Rd8 Rb3+ 39. Kg2 Ra3 40. Rad1 Rxa4 41. g5 fxg5 42. Bxg5 Rb7 43. R1d5 Ke6 44. Rd3 Ne5 45. Re3 Kf5 46. Rf8+ Kxg5 47. f4+ Kh6 48. fxe5 Kg7 49. Rf6 Rf7 50. Rd6 Rd4 51. Rc6 Rd2+ 52. Kg3 Re7 53. Kf4 Rf2+ 54. Ke4 Kf7 55. Rh6 Ke8 56. e6 Kd8 57. Ke5 c4 58. Kd6 Rd2+ 59. Ke5 b5 60. Rf3 Kc7 61. Ra3 a5 62. Rxa5 Kb6 63. Ra8 c3 64. Rc8 c2 65. Kf6 Rc7 66. Rxc7 Kxc7 67. Rxh7+ Kb6 0-1

[Event "AUT-chT 9596"]
[Site "Vorarlberg"]
[Date "1996.??.??"]
[Round "2"]
[White "Barthelmann, Benno"]
[Black "Plieger, Josef"]
[Result "0-1"]
[WhiteElo "1985"]
[BlackElo "2085"]
[PlyCount "58"]
[EventDate "1995.??.??"]
[EventType "team"]
[EventRounds "9"]
[EventCountry "AUT"]
[SourceTitle "EXT 1999"]
[Source "ChessBase"]
[SourceDate "1998.11.16"]
[SourceVersion "1"]
[SourceVersionDate "1998.11.16"]
[SourceQuality "1"]

1. c4 c5 2. Nf3 Nc6 3. d4 cxd4 4. Nxd4 g6 5. Nxc6 bxc6 6. Nc3 Bg7 7. g3 Rb8 8. Qa4 Qb6 9. Bg2 Qb4 10. Qxb4 Rxb4 11. c5 Rc4 12. Be3 Rxc3 13. bxc3 Bxc3+ 14. Kd1 Bxa1 15. Kc2 Be5 16. f4 Bc7 17. Bd4 f6 18. h4 h5 19. Be4 Kf7 20. Rf1 Nh6 21. Bd3 Ng4 22. Bc4+ Kg7 23. e4 e5 24. Bg1 Re8 25. Kd3 Re7 26. f5 gxf5 27. Rxf5 d5 28. cxd6 Bxd6 29. Rxh5 Re8 0-1

[Event "AUT-chT 9596"]
[Site "Vorarlberg"]
[Date "1995.??.??"]
[Round "2"]
[White "Barthelmann, Benno"]
[Black "Harrer, Erwin"]
[Result "1/2-1/2"]
[WhiteElo "1970"]
[BlackElo "1930"]
[PlyCount "124"]
[EventDate "1995.??.??"]
[EventType "team"]
[EventRounds "9"]
[EventCountry "AUT"]
[SourceTitle "EXT 1999"]
[Source "ChessBase"]
[SourceDate "1998.11.16"]
[SourceVersion "1"]
[SourceVersionDate "1998.11.16"]
[SourceQuality "1"]

1. c4 c5 2. Nc3 Nc6 3. g3 g6 4. Bg2 Bg7 5. f4 d6 6. Nf3 Nf6 7. 0-0 0-0 8. d3 Rb8 9. Bd2 a6 10. Rc1 b5 11. b3 b4 12. Nd5 Bb7 13. Nxf6+ Bxf6 14. e4 Nd4 15. Be3 Nxf3+ 16. Qxf3 e6 17. g4 g5 18. fxg5 Bxg5 19. Bxg5 Qxg5 20. Qg3 Rbd8 21. h4 Qg6 22. g5 f6 23. Rf4 e5 24. Rf3 fxg5 25. Qxg5 Qxg5 26. hxg5 Rxf3 27. Bxf3 Kg7 28. Kg2 Kg6 29. Rh1 Kxg5 30. Rxh7 Bc8 31. Kg3 Rg8 32. Rc7 Kf6+ 33. Kf2 Rh8 34. Ke3 Rg8 35. Kf2 Rh8 36. Kg3 Rg8+ 37. Kh4 Rh8+ 38. Bh5 Be6 39. Ra7 a5 40. Rc7 Rh6 41. Rc6 Ke7 42. Kg5 Rh8 43. Ra6 Rf8 44. Rxa5 Rf2 45. Ra7+ Kd8 46. Bg6 Rf3 47. Bf5 Bxf5 48. exf5 Rxd3 49. f6 Rf3 50. Kg6 e4 51. Re7 e3 52. Re4 Kd7 53. Re7+ Kd8 54. Kf7 Kc8 55. Kg6 Kd8 56. Kg5 Kc8 57. f7 Kd8 58. Re8+ Kd7 59. Kg6 Rg3+ 60. Kh7 Rf3 61. Kg8 Rg3+ 62. Kf8 Rf3 1/2-1/2

[Event "AUT-chT2W 9495"]
[Site "Austria"]
[Date "1995.??.??"]
[Round "?.1"]
[White "Bezler, Rainer"]
[Black "Barthelmann, Benno"]
[Result "1-0"]
[WhiteElo "2145"]
[BlackElo "1960"]
[PlyCount "81"]
[EventDate "1994.??.??"]
[EventType "team"]
[EventRounds "9"]
[EventCountry "AUT"]
[SourceTitle "EXT 1999"]
[Source "ChessBase"]
[SourceDate "1998.11.16"]
[SourceVersion "1"]
[SourceVersionDate "1998.11.16"]
[SourceQuality "1"]

1. d4 Nf6 2. c4 e6 3. Nc3 Bb4 4. e3 0-0 5. Bd3 c5 6. Nf3 cxd4 7. exd4 d5 8. 0-0 dxc4 9. Bxc4 Nc6 10. Bg5 Be7 11. Re1 h6 12. Bh4 a6 13. a4 b6 14. Qd2 Na5 15. Ba2 Bb7 16. Ne5 Nd5 17. Bxe7 Nxe7 18. Nxf7 Rxf7 19. Bxe6 Nf5 20. Bxf7+ Kxf7 21. Rad1 Kg8 22. d5 Qd7 23. Re6 Rf8 24. Qe2 Qd8 25. b4 Nb3 26. Qc4 Qg5 27. Ne4 Ne3 28. fxe3 Qxe3+ 29. Kh1 b5 30. Qc3 Qf4 31. g3 Qf3+ 32. Qxf3 Rxf3 33. axb5 axb5 34. Nc5 Nxc5 35. bxc5 b4 36. c6 Ba6 37. c7 Bb7 38. Re8+ Kf7 39. c8Q Bxc8 40. Rxc8 b3 41. Rb8 1-0

[Event "AUT-chT 9596"]
[Site "Vorarlberg"]
[Date "1995.??.??"]
[Round "1"]
[White "Mittelberger, Peter"]
[Black "Barthelmann, Benno"]
[Result "1-0"]
[WhiteElo "2225"]
[BlackElo "1970"]
[PlyCount "29"]
[EventDate "1995.??.??"]
[EventType "team"]
[EventRounds "9"]
[EventCountry "AUT"]
[SourceTitle "EXT 1999"]
[Source "ChessBase"]
[SourceDate "1998.11.16"]
[SourceVersion "1"]
[SourceVersionDate "1998.11.16"]
[SourceQuality "1"]

1. e4 e6 2. d4 d5 3. Nc3 Bb4 4. e5 c5 5. a3 cxd4 6. axb4 dxc3 7. Qg4 Kf8 8. b3 f6 9. b5 Qc7 10. Ba3+ Kf7 11. Bd6 Qb6 12. Nf3 Bd7 13. Bd3 g6 14. Ng5+ Ke8 15. Nxh7 1-0